| 000 | 00670nam a2200241Ia 4500 | ||
|---|---|---|---|
| 003 | OSt | ||
| 005 | 20220918213934.0 | ||
| 006 | a|||||r|||| 00| 0 | ||
| 007 | ta | ||
| 008 | 220917b |||||||| |||| 00| 0 eng d | ||
| 024 | _a135,115 | ||
| 037 | _cTextual | ||
| 040 |
_aARTS _cARTS _beng |
||
| 041 |
_2eng _aeng |
||
| 082 | _aX:8D, L8 | ||
| 100 |
_aBhattacharyya D K _9129169 |
||
| 245 | 0 |
_aDemand for financial assests _b an econometric study of the UK personal sector |
|
| 260 |
_aWestmead _bSaxonHouse _c1978 |
||
| 300 |
_aix,197p. _ccm. |
||
| 650 | _aECONOMICS | ||
| 942 |
_hX:8D, L8 _cTEXL _2CC |
||
| 999 |
_c258215 _d258215 |
||